Los cambios legislativos como motor para la deconstrucción de la enseñanza del derecho de las familias (Registro nro. 21838)
[ vista simple ]
| 000 -LEADER | |
|---|---|
| fixed length control field | 00382 a2200109 4500 |
| 001 - CONTROL NUMBER | |
| control field | ART_45737 |
| 005 - DATE AND TIME OF LATEST TRANSACTION | |
| control field | 20260410161815.0 |
| 008 - FIXED-LENGTH DATA ELEMENTS--GENERAL INFORMATION | |
| fixed length control field | 260409a |
| 100 1# - MAIN ENTRY--PERSONAL NAME | |
| Personal name | Herrera, Marisa |
| 245 10 - TITLE STATEMENT | |
| Title | Los cambios legislativos como motor para la deconstrucción de la enseñanza del derecho de las familias |
| 773 0# - HOST ITEM ENTRY | |
| Title | Academia |
| Related parts | - Año 15, Nº 29 (ene./jun. 2017) |
| Record control number | REV4314 |
No hay ítems disponibles.